Odgadnij Polskiego Rapera po dwóch wersach - Statystyki

Ogólne statystyki
  • Ten quiz został rozwiązany 342 razy
  • Średni wynik to 8 z 16
Statystyki odpowiedzi
Wersy Raper % Poprawnych
"W końcu powiesz, że mnie kochasz (oo-oo) Z dnia na dzień tak mi tym rzucisz w twarz (woah), a ja nie umiałbym Ci oddać (woah, oo-oo)" Sobel
75%
"Jesteś taka pojebana, mała W deszczu stała sama, tu przyjechała" Mata
70%
"Wpłacam za ziomala kaucje (woo), bo życie tutaj było łatwe (skrrt) (Ha! Ta!) Przynajmniej dla mnie (let's go, let's go, let's go!)" Oki
68%
"Jak robiłem pierwszy POLON ciągle gadałem o pendze To było jedyne słowo, jakie wtedy było we mnie" Białas
62%
"Piję rozchodzącego, na lewą i na prawą jak stereo Wczoraj kupiłem Bentleya, lecz dla mnie to grosze jak Ferrero" White 2115
60%
"Wybrzeże nocą, whiskey-cola chłodzi głos Jestem cool w Louis Vuitton" Sentino
58%
"Chciałeś dobrze, wyszło źle Miałem tak samo Na cały rok masz jeden dres Miałem tak samo" Szpaku
52%
"Mówią, że spraną minę mam, ko-kodeinę mam To trochę inny stan, odlatuję jak Elon Musk" Young Igi
52%
"To, co zostało mi po lecie, to piegi, chociaż przecież Wyblaknąć zdążą, zanim" Otsochodzi
51%
"Tam czeka ta melisa, melisa, melisa, koc To lеpsze niż wernisaż, recital, tеnis, lacrosse" Quebonafide
48%
"Polski rap to istna beka, tu autotune to newschool A jak tylko się odmulisz, pęka żyłka w dupie truschool'ów" Paluch
45%
"Jeśli znajdziesz, zadzwoń, proszę Może w końcu zasnę (może zasnę)" Young Multi
45%
"Zapierdalam, zapierdalam, zapierdalam, śpię i znów Zapierdalam, zapierdalam, zapierdalam, śpię i znów" ReTo
43%
"Pisze o mnie underway a przejmuje cały mainstream Wchodzę w każdy zakład choć nie podpisał nas betclic" Bambi
33%
"Może kiedyś im powiem, "Dzień dobry" Puszczam to o czwartej rano, bo jutro zrobię się mądry" Zeamsone
20%
"(Mom) Dziwne hobby, lubię latynoski z diamentami, mommy (Wow) (O-o-oh Nick!) Pa-parę klocków sama ściągnie dla mnie stanik, mommy (What?)" Asster
13%
Nie znaleziono quizów pasujących do podanych kryteriów
Rozkład punktacji
Procent ludzi z każdym wynikiem
Percentyl według liczby udzielonych odpowiedzi
Twoja historia wyników
Nie rozwiązałeś tego quizu